Home alone quiz -part 2 - Statistics

General Stats
  • This quiz has been taken 172 times
  • The average score is 9 of 15
Answer Stats
Hint Answer % Correct
What is Kevin dropping on the thieves from a buildingin Home Alone 2? Bricks
84%
Make the sentence correct, 'Fuller, go easy on the ........ Pepsi
82%
Where are the Mcallisters planning going to in Home Alone 2? Florida
81%
In what year is home alone 2 produced? 1992
70%
With what thing is Kevin's neighbour Marley hitting the thiefs on the end of Home Alone 1? Shovel
70%
What is the father of Kevin called? Peter
68%
And who is the youngest Mcallister? Fuller
66%
What is the pizza company called that brings pizza to the Mcallisters? Little Nero's
64%
When was Home Alone 3 produced? 1997
63%
'Look what you did you little jerk'. Who is saying that to Kevin? Frank
63%
And what is the mother of Kevin called? Kate
54%
What is the hotel that Kevin is going to in Home Alone 2? Plaza Hotel
54%
To which lady is Kevin giving his Turtledove in Home Alone 2? Pigeon lady
49%
What pizza did Kevin order in Home Alone 1? Plain Cheese
42%
Who is the oldest Mcallister child? Heather
20%
No matching quizzes found
Score Distribution
Percent of People with Each Score
Percentile by Number Answered
Your Score History
You have not taken this quiz